El Costo del terrorismo en sufrimiento humano /

Uloženo v:
Podrobná bibliografie
Hlavní autor: Clack, George
Korporativní autor: U.S. Departamento de Estado
Další autoři: ed.
Médium: Text
Vydáno: RPC Manila
Témata:
Tagy: Přidat tag
Žádné tagy, Buďte první, kdo vytvoří štítek k tomuto záznamu!

MARC

LEADER 00000 a a2200000 04500
001 30390
003
040
090 |a 195000  
100 |a Clack, George  
110 |a U.S. Departamento de Estado  
245 |a El Costo del terrorismo en sufrimiento humano /  |c George Clack 
260 |a RPC Manila  
300 |a 60 p.   |b il.  
650 |a TERRORISMO  
650 |a VICTIMAS  
700 |a ed.  
999 |c 4678  |d 4678